00557nam a2200085Ia 4500008004100000245005200041300027600093650002800369856007400397170517s9999 xx 000 0 und d aI.O.U.S.A. - One Nation. Under Debt. In Stress. aAs the average American can attest, personal debt is bad enough, but as Thomas Jefferson once cautioned, public debt is corruptive of the government and demoralizing of the nation. Patrick Creadon's I.O.U.S.A. documents the efforts of two concerned citizens, former US... xBusiness and Economics. uhttp://topdocumentaryfilms.com/iousa-one-nation-under-debt-in-stress/